000 00714nam a2200229Ia 4500
003 OSt
005 20220925213002.0
006 a|||||r|||| 00| 0
007 ta
008 220923b |||||||| |||| 00| 0 eng d
037 _cGeneral Book
040 _aRTL
_cRTL
_beng
041 _2eng
_aeng
082 _aX4:75.3.N7, M0
100 _aO'Sullivan Patrick
_950287
245 0 _aTransport policy
_b Geographic, economic and planning aspect
260 _aLondon
_bBatsford Academic and Educational UK
_c1980
300 _a313p. Bib p 304-08
_ccm.
650 _aTransport Economics -- United States
942 _hX4:75.3.N7, M0
_cGB
_2CC
999 _c561750
_d561750